MARC

LEADER 00000nam0a2200000 4500
001 321035
005 20231102003332.0
035 |a (RuTPU)RU\TPU\book\346566 
090 |a 321035 
100 |a 20160809d1963 k y0rusy50 ca 
101 0 |a rus 
102 |a RU 
105 |a a z 001zy 
200 1 |a Вопросы квантовой химии  |e сборник статей  |f Ленинградский государственный университет (ЛГУ) 
210 |a Ленинград  |c Изд-во ЛГУ  |d 1963 
215 |a 138 с.  |c ил. 
320 |a Библиография в конце статей 
606 1 |a Квантовая химия  |2 stltpush  |3 (RuTPU)RU\TPU\subj\69462  |9 84313 
610 1 |a научные статьи 
610 1 |a молекулы 
610 1 |a реакционная способность 
610 1 |a электронные состояния 
610 1 |a электронная структура 
610 1 |a молекулярные орбиты 
610 1 |a метод конечных разностей 
610 1 |a библиотека А. Г. Стромберга 
675 |a 544.18  |v 4 
712 0 2 |a Ленинградский государственный университет (ЛГУ)  |c (1924-1991)  |2 stltpush  |3 (RuTPU)RU\TPU\col\77 
801 1 |a RU  |b 63413507  |c 20160809 
801 2 |a RU  |b 63413507  |c 20171215  |g RCR 
942 |c BK